00293nam a2200121Ia 4500008004100000020001500041041000800056082001000064100001000074245005200084260002700136300000800163230724s2006 xx und d a8977482577 aeng a725.5 aJEONG aCONCEPT ANNUAL 2006, CONCEPT AND COMPETITION 02 bC.B.S. PUBLISERSc2006 a150